| 000 | 00000nas##2200000za#4500 |
| 001 | 9.508722 |
| 003 | CaOODSP |
| 005 | 20200325101546 |
| 007 | he |||||||||| |
| 008 | 150406c1993||||xxc|| p b||||f| |0eng|d |
| 022 | |a0225-3216 |
| 040 | |aCaOODSP|beng |
| 041 | |aeng |
| 041 | |afre |
| 043 | |an-cn--- |
| 086 | 1 |aSN2-2M |
| 110 | 1 |aCanada.|bNational Library of Canada. |
| 245 | 10|aCanadiana |h[microform] |
| 260 | |aOttawa - Ontario : |bNational Library of Canada |
| 310 | |aMonthly |
| 500 | |aContents: Register 1: Canadian imprints.--Register 2: Foreign imprints.--Index A: Authors, titles, series.--Index B: English subject headings.--Index C: French subject headings.--Index D: ISBN.--Index E: ISSN.--Index F: Dewey number. Monthly (combined issue for July-August), cumulative indexes. Annual issues published in a five-year cycle; the indexes to these annual issues cumulate each year during the five-year period. |
| 538 | |aRequires microfiche reader |
| 546 | |aBilingual |
| 776 | 0#|tCanadiana : |w(CaOODSP)9.508725 |
| 792 | |tCanadiana |efre|w(CaOODSP)9.508723 |